|
|
|
|
| LEADER |
01009nam a22002652a 4500 |
| 001 |
000753045 |
| 003 |
CZ BrMZK |
| 005 |
20061106085004.0 |
| 007 |
ta |
| 008 |
041202s1973 xr er|||||||||||cze d |
| 015 |
|
|
|a cnb000455470
|
| 035 |
|
|
|a (OCoLC)42090224
|
| 040 |
|
|
|a BOA001
|b cze
|
| 080 |
|
|
|a 808.50-5(076.5)(075.8)
|2 undef
|
| 100 |
1 |
|
|a Trnková, Alena,
|d 1937-2015
|7 jk01140161
|4 aut
|
| 245 |
1 |
0 |
|a Cvičení z české mluvnice :
|b skriptum pro Letní školu slovanských studií na filosofické fakultě /
|c Alena Trnková
|
| 250 |
|
|
|a 2., přeprac. vyd.
|
| 260 |
|
|
|a Praha :
|b Univerzita Karlova,
|c 1973
|
| 300 |
|
|
|a 115 s.
|
| 500 |
|
|
|a Rozmnoženo.
|
| 710 |
2 |
|
|a Univerzita Karlova.
|b Katedra českého a slovenského jazyka.
|b Oddělení češtiny pro cizince
|7 xx0010306
|
| 910 |
|
|
|a BOA001
|b PK-N-0007.820-73
|
| 964 |
|
|
|a Čeština - mluvnice - cvičení - texty vysokoškolské
|
| 990 |
|
|
|a BK
|
| 996 |
7 |
|
|b 3119654039
|c PK-N-0007.820-73
|l MZK
|r Sklad / do 1 hodiny
|n 6
|w 000753045
|u 000010
|a 1
|e BOA001
|j MZK50
|s A
|